00321nam a2200121Ia 4500008004100000040001600041041001200057082001800069100002200087245003800109260003800147300001400185230917s9999||||xx |||||||||||||| ||und|| e11600aMAIN aEnglish a301.0973 K95P aKubat, Daniel, ed 0aPaths of sociological imagination aNew YorkbGordan and Breachc1971 axi,584 p.